000 01127nam0a2200289 4500
001 RU\NLR\bibl\988580
005 20250614220749.0
010 _a5-8411-0138-2
_91000
021 _aRU
_b2006-47356
_92358
035 _a(NLR Aleph) 000976423
090 _a431543
_c431543
100 _a20060928d2004 |||y0rusy50 ca
101 0 _arus
102 _aRU
105 _aa |||||||||
200 1 _aЛюди долга. Профессиональное управление долгом регионов и муниципалитетов
_fС.Б. Пахомов
210 _aМосква
_cСовременная экономика и право
_d2004
215 _a211, [1] с.
_cил.
_d22
320 _aБиблиогр.: с. 204-210 (124 назв.)
606 1 _aМестный бюджет
_xДолги
_xУправление
_yРоссийская Федерация
_92443798
_3RU\NLR\auth\661453610
686 _aУ26(2)134.06-21
700 1 _aПахомов
_bС. Б.
_gСергей Борисович
_4070
801 0 _aRU
_bNLR
_c20060928
_grcr
801 1 _aRU
_bNLR
_c20060928
942 _cBOOK
980 _aNB